Catalog

Record Details

Catalog Search



The divided kingdom  Cover Image Book Book

The divided kingdom / by Charles F. Pfeiffer.

Record details

  • Physical Description: 117 s.; illus., map. 23 cm.
  • Publisher: Grand Rapids, Michigan : Baker Book House, 1967.

Content descriptions

Bibliography, etc. Note:
Bibliography: p. 107-111.
Subject: Jews > History > 953-586 B.C.

Available copies

  • 1 of 1 copy available at Common Catalog SPOK.

Holds

  • 0 current holds with 1 total copy.
Show Only Available Copies
Location Call Number / Copy Notes Barcode Shelving Location Status Due Date
ETS Library 221.9 424470016718 Volný výběr Available -

LDR 00876cam a22002771a 4500
00142339
003CZ-PrJAB
00520180922095230.0
008731212s1967 miuab e b 000 0 eng
010 . ‡a 66018306
035 . ‡a(CONS)14008
035 . ‡9(DLC) 66018306
040 . ‡aDLC ‡cDLC ‡dDLC
05000. ‡aDS121.6 ‡b.P43
08200. ‡a221.9
1001 . ‡aPfeiffer, Charles F.
24514. ‡aThe divided kingdom / ‡cby Charles F. Pfeiffer.
260 . ‡aGrand Rapids, Michigan : ‡bBaker Book House, ‡c1967.
300 . ‡a117 s.; ‡billus., map. ‡c23 cm.
4900 . ‡aOld Testament history series
504 . ‡aBibliography: p. 107-111.
650 0. ‡aJews ‡xHistory ‡y953-586 B.C.
8524 . ‡bETS ‡bETS ‡cVolný výběr ‡j221.9 ‡p424470016718 ‡y$50.00
906 . ‡a7 ‡bcbc ‡corignew ‡du ‡eocip ‡f19 ‡gy-gencatlg
910 . ‡aABG450
991 . ‡bc-GenColl ‡hDS121.6 ‡i.P43 ‡tCopy 1 ‡wBOOKS
999 . ‡a14008 ‡c14008 ‡tbiblio
905 . ‡uadmin
901 . ‡a42339 ‡b ‡c42339 ‡tbiblio ‡sets

Additional Resources